| Tag |
First Indicator |
Second Indicator |
Subfields |
| LEADER |
00000cam a2200000 a 4500 |
| 001 |
in00001069080 |
| 005 |
20150929103245.0 |
| 008 |
920327s1991 flua bf f001 0 eng d |
| 010 |
|
|
|a (DG92065665
|
| 035 |
|
|
|a (OCoLC)25538510
|
| 035 |
|
|
|9 AFP5989AM
|
| 037 |
|
|
|a 0502 LP 2153200
|b NETPMSA
|
| 040 |
|
|
|a GPO
|c GPO
|d DLC
|d UtOrBLW
|
| 043 |
|
|
|a n-us---
|
| 074 |
|
|
|a 404
|
| 086 |
0 |
|
|a D 207.208/2:C 73/4
|
| 088 |
|
|
|a NAVEDTRA 12965
|
| 100 |
1 |
|
|a Howard, R. Stephen.
|
| 245 |
1 |
0 |
|a Combat systems and weapons department management /
|c Naval Education and Training Program Management Support Activity.
|
| 250 |
|
|
|a 1991 ed., Sept. 1991 /
|b prepared by R. Stephen Howard.
|
| 264 |
|
1 |
|a [Pensacola, Fla.] :
|b The Activity ;
|c 1991.
|
| 264 |
|
2 |
|a Philadelphia, PA :
|b Naval Publications and Forms Center [distributor],
|
| 300 |
|
|
|a 1 volume (various pagings) :
|b illustrations ;
|c 28 cm.
|
| 336 |
|
|
|a text
|b txt
|2 rdacontent
|
| 337 |
|
|
|a unmediated
|b n
|2 rdamedia
|
| 338 |
|
|
|a volume
|b nc
|2 rdacarrier
|
| 500 |
|
|
|a Spine title: Combat systems and weapons dept mgt.
|
| 500 |
|
|
|a "Training manual (TRAMAN)"--Cover.
|
| 500 |
|
|
|a "Naval Education and Training Command"--Cover.
|
| 500 |
|
|
|a Shipping list number: 92-065-P.
|
| 500 |
|
|
|a G.P.O. sales statement incorrect in publication.
|
| 504 |
|
|
|a Includes bibliographical references and index.
|
| 500 |
|
|
|a "NAVEDTRA 12965."
|
| 610 |
1 |
0 |
|a United States.
|b Navy
|v Handbooks, manuals, etc.
|
| 610 |
1 |
0 |
|a United States.
|b Navy
|x Weapons systems
|x Handbooks, manuals, etc.
|
| 650 |
|
0 |
|a Weapons systems
|x Handbooks, manuals, etc.
|
| 710 |
2 |
|
|a Naval Education and Training Program Management Support Activity (U.S.)
|
| 740 |
0 |
|
|a Combat systems and weapons dept mgt.
|
| 999 |
|
|
|a MARS
|
| 999 |
f |
f |
|s 228af708-fcf3-37be-a8cc-b9b08023d8c6
|i 5491d1c5-acdb-32c4-a1d2-4745a857c3fd
|t 0
|
| 952 |
f |
f |
|p normal
|a Texas A&M University
|b College Station
|c Sterling C. Evans Library
|d Evans: US Documents (Annex 5th floor)
|t 0
|e D 207.208/2: C 73/4
|h Superintendent of Documents classification
|i unmediated -- volume
|m A14815922060
|
| 998 |
f |
f |
|a D 207.208/2: C 73/4
|t 0
|l Evans: US Documents (Annex 5th floor)
|